Things found...under the Bonnet (hood)! - Statistics

General Stats
  • This quiz has been taken 45 times
    40 since last reset
  • The average score is 6 of 16
Answer Stats
Hint Answer % Correct
E (B) Engine Block
96%
O (P) Oil Pump
75%
R (I) Radiator (intercooler)
58%
P Piston
50%
S Spark Plug
50%
C Carburetor
42%
W Water Pump
42%
F Fan
33%
T (B) Timing Belt
33%
C Cylinder Head
29%
C Camshaft
21%
C Crankshaft
17%
V Valve
17%
G Gasket
13%
M Manifold
8%
T Thermostat
0%
No matching quizzes found
Score Distribution
Percent of People with Each Score
Percentile by Number Answered
Your Score History
You have not taken this quiz since the last reset